La difícil universalidad española
Guardat en:
| Autor principal: | |
|---|---|
| Format: | Llibre |
| Idioma: | espanyol |
| Publicat: |
Madrid
Gredos
1965
|
| Col·lecció: | Biblioteca Románica Hispánica. Campo Abierto
|
| Matèries: | |
| Etiquetes: |
Afegir etiqueta
Sense etiquetes, Sigues el primer a etiquetar aquest registre!
|
MARC
| LEADER | 00000nam a2200000 a 4500 | ||
|---|---|---|---|
| 001 | UCZ1709 | ||
| 003 | CL-VaPUC | ||
| 008 | 950831e19650000SP |||||||||||||||||spa|d | ||
| 082 | 0 | 4 | |a 864 |b TOR |2 21 |
| 100 | 0 | |a Torre, Guillermo de |e author |9 345347 | |
| 245 | 1 | 3 | |a La difícil universalidad española |
| 300 | |a 314 p | ||
| 942 | |c BK | ||
| 945 | |d 19950831 00:00:00 |a rbrito | ||
| 260 | |a Madrid |b Gredos |c 1965 | ||
| 650 | 0 | |a Ensayos españoles |9 313128 | |
| 583 | |a last modification |c 19950831 00:00:00 |k Rodrigo Vera | ||
| 490 | 0 | |a Biblioteca Románica Hispánica. Campo Abierto | |
| 999 | |c 238417 |d 238415 | ||
| 952 | |0 0 |1 0 |4 0 |6 864_000000000000000_TOR_1965 |7 0 |8 A |9 248589 |a BIBEDU |b BIBEDU |d 2019-11-18 |i 3124347 |o 864 TOR 1965 |p 3124347 |r 2019-11-18 |w 2019-11-18 |y BK |k LIT | ||